A commonsense guide to fasting. (Record no. 13640)

000 -LEADER
fixed length control field 00965nam a2200229 a 4500
001 - CONTROL NUMBER
control field :::00011463$&:&@@
003 - CONTROL NUMBER IDENTIFIER
control field OkBaRHE
005 - DATE AND TIME OF LATEST TRANSACTION
control field 20110408132138.0
008 - FIXED-LENGTH DATA ELEMENTS--GENERAL INFORMATION
fixed length control field s1981 g 000 0 eng u
020 ## - INTERNATIONAL STANDARD BOOK NUMBER
International Standard Book Number 0892764031
040 ## - CATALOGING SOURCE
Transcribing agency
100 1# - MAIN ENTRY--PERSONAL NAME
Personal name Hagin, Kenneth E., 1917-2003
245 12 - TITLE STATEMENT
Title A commonsense guide to fasting.
260 ## - PUBLICATION, DISTRIBUTION, ETC. (IMPRINT)
Place of publication, distribution, etc Tulsa, OK., :
Name of publisher, distributor, etc RHEMA Bible Church
Date of publication, distribution, etc c1981
300 ## - PHYSICAL DESCRIPTION
Extent 41 p. ;
Dimensions 22 cm.
650 ## - SUBJECT ADDED ENTRY--TOPICAL TERM
Topical term or geographic name as entry element Fasting
9 (RLIN) 554
942 ## - ADDED ENTRY ELEMENTS (KOHA)
Source of classification or shelving scheme
Koha item type Books
Copies
Withdrawn status Current Location Source of classification or shelving scheme Copy number Shelving location Lost status Date last seen Barcode Total Checkouts Date acquired Not for loan Full call number Koha item type Price effective from Damaged status Date checked out Permanent Location
 RHEMA Bible Training College 1General Stacks 2011-12-171146312010-04-14 BV 5055 .H3Books2010-04-14 2011-12-07RHEMA Bible Training College
 RHEMA Bible Training College 2General Stacks 2010-04-1414655 2010-04-14 BV 5055 .H3Books2010-04-14  RHEMA Bible Training College
 RHEMA Bible Training College 3General Stacks 2010-10-0517275 2010-10-05 BV 5055 .H3Books2010-10-05  RHEMA Bible Training College
 RHEMA Bible Training College 4General Stacks 2011-04-0821647 2011-04-08 BV 5055 .H3Books2011-04-08  RHEMA Bible Training College